EXPLORATION OF MICROECONOMICS (Record no. 16729)

MARC details
000 -LEADER
fixed length control field 00387nam a2200145Ia 4500
008 - FIXED-LENGTH DATA ELEMENTS--GENERAL INFORMATION
fixed length control field 240624s9999 xx 000 0 und d
041 ## - LANGUAGE CODE
Language code of text/sound track or separate title eng
082 ## - DEWEY DECIMAL CLASSIFICATION NUMBER
Classification number 338.5 SEX
100 ## - MAIN ENTRY--PERSONAL NAME
Personal name SEXTON ROBERT L
245 ## - TITLE STATEMENT
Title EXPLORATION OF MICROECONOMICS
250 ## - EDITION STATEMENT
Edition statement (5th ed.)
260 ## - PUBLICATION, DISTRIBUTION, ETC.
Date of publication, distribution, etc. 2011
Place of publication, distribution, etc. Australia
Name of publisher, distributor, etc. South-Western Cengage Learning
300 ## - PHYSICAL DESCRIPTION
Extent xxxi, : 637 : p. : cm. ; 27
365 ## - TRADE PRICE
Currency code
Price amount 25
Holdings
Withdrawn status Lost status Damaged status Not for loan Home library Current library Shelving location Date acquired Source of acquisition Cost, normal purchase price Full call number Barcode Date last seen Copy number Price effective from Koha item type
        IMTN IMTN Rack 10-B 03/18/2011 WBD 50.00 338.5 SEX 16729 06/24/2024 47.9 06/24/2024 Books
Designed & Maintained by: LRC IMT Nagpur Contact: lrc@imtnag.ac.in© 2024. All Rights Reserved.